[Event "European Rapid 2016"]
[Site "Tallinn EST"]
[Date "2016.12.16"]
[Round "11.4"]
[White "Naiditsch, Arkadij"]
[Black "Wojtaszek, Radoslaw"]
[Result "0-1"]
[WhiteTitle "GM"]
[BlackTitle "GM"]
[WhiteElo "2687"]
[BlackElo "2749"]
[WhiteFideId "4650891"]
[BlackFideId "1118358"]
[EventDate "2016.12.15"]

1. e4 c5 2. Nf3 d6 3. d4 cxd4 4. Nxd4 Nf6 5. Nc3 a6 6. g3 e5 7. Nf3 Be7 8. Bg2
O-O 9. Nh4 b5 10. Nf5 Be6 11. Bg5 Nbd7 12. O-O h6 13. Be3 b4 14. Na4 Bxf5 15.
exf5 Rb8 16. a3 a5 17. axb4 axb4 18. b3 e4 19. c4 Ne5 20. Qc2 d5 21. Rfd1 Qc7
22. Nb2 dxc4 23. Nxc4 Nxc4 24. Bf4 Qb7 25. Qxc4 Rbc8 26. Qe2 Rfe8 27. Be5 Rc5
28. Bd4 Rxf5 29. Ra7 Qc6 30. Bxf6 Bxf6 31. Bh3 Rd5 32. Bd7 Rxd1+ 33. Qxd1 Rd8
34. Bxc6 Rxd1+ 35. Kg2 Rd2 36. Bxe4 g6 37. h4 Bd4 38. Rd7 Rxf2+ 39. Kh3 Be5 40.
Bd5 h5 41. Re7 Bc3 42. Bc4 Kf8 43. Rb7 Be1 44. Bd5 Rf5 45. Bc4 Rf3 46. Kg2 Rf2+
47. Kg1 Rf5 48. Kg2 Bc3 49. Bd3 Rf6 50. Bc4 Be1 51. Bd5 Rf2+ 52. Kh3 Bc3 53. Bc4
Be5 54. Bd5 Bd6 55. Rd7 Be5 56. Rb7 Bd6 57. Rd7 Be7 58. Rb7 Rf5 59. Bc4 Re5 60.
Kg2 Re3 61. Rd7 f5 62. Rd3 Re2+ 63. Kf3 Rc2 64. Kf4 Kg7 65. Ke5 Bf6+ 66. Ke6
Re2+ 67. Kd5 Re4 68. Kc5 Be7+ 69. Kb5 Kf6 70. Bd5 Re5 71. Kc6 Bf8 72. Bc4 Re8
73. Kd7 Re5 74. Kc6 Bc5 75. Rd7 Re7 76. Rd2 Be3 77. Rd6+ Kg7 78. Rd3 Bf2 79. Kb5
Rb7+ 80. Ka4 Rb6 81. Ka5 Rb8 82. Rf3 Bc5 83. Rd3 Kf6 84. Rd7 Be7 85. Rd3 Rd8 86.
Re3 Bd6 87. Kb5 Rb8+ 88. Ka5 Be5 89. Rd3 Rb7 90. Bb5 Bc3 91. Rd6+ Kg7 92. Be8
Bf6 93. Bc6 Rc7 94. Kb5 Be5 95. Rd3 Kf6 96. Kb6 Rc8 97. Kb5 Rc7 98. Kb6 Re7 99.
Kb5 Bc3 100. Rd6+ Re6 101. Rd3 Re5+ 102. Kc4 Be1 103. Bd5 Re2 104. Kc5 Rd2 105.
Rf3 Rc2+ 106. Bc4 Rc3 107. Rf1 Re3 108. Bd5 Bxg3 109. Kxb4 Bxh4 110. Kc5 Bg3
111. b4 g5 112. b5 g4 113. b6 Re1 114. Rxe1 Bxe1 115. b7 Bg3 116. Kd4 h4 117.
Bc6 h3 118. Ke3 Ke5 0-1

[Event "European Rapid 2016"]
[Site "Tallinn EST"]
[Date "2016.12.16"]
[Round "11.5"]
[White "Onischuk, Vladimir"]
[Black "Kazakovskiy, Valeriy"]
[Result "1-0"]
[WhiteTitle "GM"]
[BlackTitle "IM"]
[WhiteElo "2601"]
[BlackElo "2430"]
[WhiteFideId "14114038"]
[BlackFideId "13507443"]
[EventDate "2016.12.15"]

1. e4 e5 2. Nf3 Nc6 3. Bc4 Nf6 4. d3 Be7 5. Bb3 O-O 6. O-O d6 7. c3 Na5 8. Bc2
c5 9. Nbd2 Nc6 10. Re1 Re8 11. Nf1 Bf8 12. Ng3 d5 13. Bg5 d4 14. Ba4 Bd7 15.
Bxc6 Bxc6 16. Nh5 Be7 17. Nxe5 Nxh5 18. Nxc6 bxc6 19. Bxe7 Rxe7 20. Qxh5 dxc3
21. bxc3 Qxd3 22. Qxc5 Rxe4 23. Qxc6 Rxe1+ 24. Rxe1 Rf8 25. g3 Qd2 26. Re8 Qxa2
27. Qa8 Qa3 28. Rxf8+ Qxf8 29. Qxa7 h5 30. c4 Qe8 31. Qd4 Qa4 32. Qd8+ Kh7 33.
Qd5 Kg6 34. h4 f6 35. c5 Qa5 36. Qe4+ Kf7 37. Qf5 g6 38. Qd7+ Kf8 39. c6 Qe1+
40. Kg2 Qe4+ 41. Kh2 Qf3 42. Kg1 1-0

[Event "European Rapid 2016"]
[Site "Tallinn EST"]
[Date "2016.12.16"]
[Round "11.7"]
[White "Potkin, Vladimir"]
[Black "Leko, Peter"]
[Result "1/2-1/2"]
[WhiteTitle "GM"]
[BlackTitle "GM"]
[WhiteElo "2597"]
[BlackElo "2693"]
[WhiteFideId "4131061"]
[BlackFideId "703303"]
[EventDate "2016.12.15"]

1. Nf3 Nf6 2. c4 e6 3. b3 b6 4. g3 Bb7 5. Bg2 Be7 6. O-O O-O 7. Bb2 d5 8. cxd5
Nxd5 9. d4 c5 10. dxc5 Bxc5 11. Nbd2 Nf6 12. a3 Be7 13. b4 a6 14. Nc4 Nbd7 15.
Rc1 Rc8 16. Qd4 b5 17. Na5 Bd5 18. Ne5 Nxe5 19. Qxe5 Bxg2 20. Kxg2 Rxc1 21. Rxc1
Qa8+ 22. Nc6 Re8 23. f3 Bf8 24. Nd4 Rc8 25. Rxc8 Qxc8 26. Qg5 Nd5 27. Qc1 Qxc1
28. Bxc1 Nb6 29. e4 Bd6 1/2-1/2

[Event "European Rapid 2016"]
[Site "Tallinn EST"]
[Date "2016.12.16"]
[Round "11.8"]
[White "Tregubov, Pavel V."]
[Black "Kovalenko, Igor"]
[Result "0-1"]
[WhiteTitle "GM"]
[BlackTitle "GM"]
[WhiteElo "2585"]
[BlackElo "2684"]
[WhiteFideId "4115341"]
[BlackFideId "14117908"]
[EventDate "2016.12.15"]

1. d4 Nf6 2. c4 e6 3. Nc3 Bb4 4. e3 O-O 5. Bd3 d5 6. Ne2 Re8 7. O-O Nbd7 8. e4
dxc4 9. Bxc4 c5 10. e5 cxd4 11. exf6 dxc3 12. bxc3 Bf8 13. fxg7 Bxg7 14. Ng3 Qh4
15. Bb5 Rd8 16. Rb1 Ne5 17. Qe2 Qg4 18. f3 Qg6 19. Bf4 a6 20. Bxe5 axb5 21. Bxg7
Qxg7 22. Rxb5 Qxc3 23. Ne4 Qd4+ 24. Kh1 Bd7 25. Rxb7 Bc8 26. Qb5 Bxb7 27. Qxb7
Rxa2 28. Qe7 Rda8 29. h4 Ra1 30. Nf6+ Kh8 31. Rxa1 Rxa1+ 32. Kh2 Qxh4# 0-1

[Event "European Rapid 2016"]
[Site "Tallinn EST"]
[Date "2016.12.16"]
[Round "11.9"]
[White "Piorun, Kacper"]
[Black "Movsesian, Sergei"]
[Result "1/2-1/2"]
[WhiteTitle "GM"]
[BlackTitle "GM"]
[WhiteElo "2657"]
[BlackElo "2673"]
[WhiteFideId "1130420"]
[BlackFideId "310204"]
[EventDate "2016.12.15"]

1. Nf3 Nf6 2. c4 e6 3. g3 d5 4. b3 a5 5. Nc3 d4 6. Na4 Nc6 7. Bg2 e5 8. O-O Be7
9. d3 O-O 10. e3 Bg4 11. h3 Bh5 12. g4 Bg6 13. exd4 exd4 14. Bg5 h6 15. Bxf6
Bxf6 16. Nc5 b6 17. Ne1 bxc5 18. Bxc6 Ra6 19. Qf3 Be5 20. Ng2 Bd6 21. Be4 Qg5
22. Bxg6 Qe5 23. Qg3 Qxg3 24. Bxf7+ Rxf7 25. fxg3 Bxg3 26. Rxf7 Kxf7 27. Rf1+
Ke7 28. Rf3 Be5 29. Rf5 Kd6 30. Nh4 a4 31. bxa4 Rxa4 32. Nf3 Bf6 33. g5 hxg5 34.
Nxg5 Bxg5 35. Rd5+ Ke6 36. Rxg5 Kf6 37. Rxc5 Rxa2 38. Rd5 c5 39. Rxc5 Rd2 40.
Rd5 Rxd3 41. Kf2 1/2-1/2

[Event "European Rapid 2016"]
[Site "Tallinn EST"]
[Date "2016.12.16"]
[Round "11.10"]
[White "Bortnyk, Olexandr"]
[Black "Ponkratov, Pavel"]
[Result "1/2-1/2"]
[WhiteTitle "GM"]
[BlackTitle "GM"]
[WhiteElo "2581"]
[BlackElo "2607"]
[WhiteFideId "14120828"]
[BlackFideId "4157800"]
[EventDate "2016.12.15"]

1. Nf3 c5 2. e4 e6 3. Nc3 a6 4. g3 b5 5. Bg2 Bb7 6. d3 d6 7. O-O g6 8. Bg5 Qb6
9. Qd2 h6 10. Be3 Nf6 11. a4 Ng4 12. axb5 axb5 13. Rxa8 Bxa8 14. Ra1 Bb7 15. Nd1
Nxe3 16. Nxe3 Bg7 17. Qa5 Qxa5 18. Rxa5 Bc6 19. e5 O-O 20. exd6 Bxb2 21. Nd1 Bg7
22. Nd2 Bd7 23. Nb3 Rc8 24. Bb7 Rd8 25. Nxc5 Be8 26. Ra8 Bf8 27. Bf3 Bc6 28.
Rxb8 Rxb8 29. Bxc6 Bxd6 30. Nd7 Rc8 31. Nf6+ Kf8 32. Bxb5 Rxc2 33. Ne3 Rb2 34.
Bc4 h5 35. Kg2 Ke7 36. Ne4 Bb8 37. h4 Ba7 38. Kf3 Bd4 39. Nd1 Rc2 40. Bb3 Rc1
41. Ke2 Rb1 42. Bc4 Rc1 43. Kd2 Ra1 44. Ng5 Rb1 45. Nf3 Ba7 46. Ne5 Kf6 47. Nc6
Rxd1+ 48. Kxd1 Bxf2 49. Ke2 Bxg3 50. Kf3 Bxh4 51. d4 Be1 52. Ke4 Bg3 53. Be2 Bc7
54. Bd1 Kg5 55. Ne5 f5+ 56. Kf3 Kf6 57. Nd7+ Ke7 58. Ne5 g5 59. Bb3 h4 60. Ng6+
Kf7 61. Ne5+ Kf6 62. Nd7+ Ke7 63. Ne5 h3 64. Ba4 Kf6 65. Nd7+ Ke7 66. Ne5 Bd6
67. Bc6 Kf6 68. Nd7+ Kg6 69. Ne5+ Bxe5 70. dxe5 g4+ 71. Kf4 Kf7 72. Bd7 Ke7 73.
Bc8 Kf7 1/2-1/2

[Event "European Rapid 2016"]
[Site "Tallinn EST"]
[Date "2016.12.16"]
[Round "11.11"]
[White "Najer, Evgeniy"]
[Black "Anton Guijarro, David"]
[Result "0-1"]
[WhiteTitle "GM"]
[BlackTitle "GM"]
[WhiteElo "2679"]
[BlackElo "2650"]
[WhiteFideId "4118987"]
[BlackFideId "2285525"]
[EventDate "2016.12.15"]

1. e4 e5 2. Nf3 Nc6 3. Bc4 Bc5 4. O-O Nf6 5. d3 d6 6. c3 O-O 7. a4 a6 8. Re1 Ba7
9. Nbd2 Ng4 10. Re2 Kh8 11. h3 f5 12. exf5 Nxf2 13. Rxf2 Bxf2+ 14. Kxf2 d5 15.
Bb3 Bxf5 16. Qe2 Qd7 17. Kg1 Rae8 18. Nh4 e4 19. Nxf5 exd3 20. Qxd3 Re1+ 21. Kf2
Ne5 22. Qxd5 Qxd5 23. Bxd5 Nd3+ 24. Kg3 Nxc1 25. Nd4 c6 26. N2b3 Ne2+ 27. Nxe2
Rxe2 28. Bf3 Rxb2 29. Nc5 Rc2 30. Ra3 Rb2 31. Ra1 Rc2 32. Rb1 Rxc3 33. Nd7 Rf7
34. Rxb7 g6 35. Rb8+ Kg7 36. Ne5 Rc7 37. Rb6 c5 38. Rxa6 c4 39. Kf2 Ra3 40. Rc6
Rxc6 41. Bxc6 c3 42. Ke2 c2 43. Kd2 Re3 44. Nd3 Rxd3+ 45. Kxc2 Re3 46. Kb2 Re6
47. Bb5 Kf6 48. Kc3 Ke5 49. Bc4 Rf6 50. a5 Kd6 51. a6 Kc5 52. Be2 Kb6 53. Kd4
Re6 54. Bc4 Re7 55. Bd3 g5 56. Bc4 h6 57. Bd3 Re1 58. Bc4 Rg1 59. Bd5 Kxa6 60.
Ke5 Kb6 61. Kf5 Kc5 62. Bf3 Rb1 63. Kg6 Rb6+ 64. Kg7 Kd4 65. Bh5 Ke5 66. Bg6 Rb3
67. Bh5 Rb6 68. Bg6 Rb2 69. g4 Rh2 70. Kxh6 Kf6 71. Bh5 Rxh3 72. Kh7 Ke5 0-1

[Event "European Rapid 2016"]
[Site "Tallinn EST"]
[Date "2016.12.16"]
[Round "11.12"]
[White "Motylev, Alexander"]
[Black "Meskovs, Nikita"]
[Result "1-0"]
[WhiteTitle "GM"]
[BlackTitle "IM"]
[WhiteElo "2663"]
[BlackElo "2489"]
[WhiteFideId "4121830"]
[BlackFideId "11602740"]
[EventDate "2016.12.15"]

1. e4 c5 2. Nf3 e6 3. d4 cxd4 4. Nxd4 Nc6 5. Nc3 Qc7 6. Be3 a6 7. Qf3 Nf6 8.
O-O-O Nxd4 9. Bxd4 e5 10. Qg3 d6 11. Be3 b5 12. f4 Bb7 13. fxe5 Nxe4 14. Nxe4
Bxe4 15. Bd3 Bxd3 16. Rxd3 dxe5 17. Rhd1 f6 18. Qg4 Qf7 19. Qe4 Rc8 20. Qf5 Rb8
21. Rc3 Qb7 22. Qe6+ Be7 23. Rcd3 1-0

[Event "European Rapid 2016"]
[Site "Tallinn EST"]
[Date "2016.12.16"]
[Round "11.13"]
[White "Kobalia, Mikhail"]
[Black "Halkias, Stelios"]
[Result "1-0"]
[WhiteTitle "GM"]
[BlackTitle "GM"]
[WhiteElo "2628"]
[BlackElo "2585"]
[WhiteFideId "4119150"]
[BlackFideId "4201809"]
[EventDate "2016.12.15"]

1. e4 d6 2. d4 Nf6 3. Nc3 e5 4. Nf3 Nbd7 5. Bc4 Be7 6. O-O O-O 7. a4 a5 8. Re1
c6 9. h3 h6 10. Be3 Re8 11. dxe5 dxe5 12. Nh4 Nf8 13. Qf3 Bb4 14. Rad1 Qe7 15.
Rd3 Kh8 16. Red1 Ng6 17. Nxg6+ fxg6 18. Bb6 Be6 19. Bxe6 Qxe6 20. b3 Rf8 21. Qe3
Qe7 22. Ne2 Qf7 23. Ng3 h5 24. Nf1 Kh7 25. Nh2 Kg8 26. Nf3 Rae8 27. Ng5 Qe7 28.
c3 Ba3 29. b4 axb4 30. Bc5 Qc7 31. cxb4 Bb2 32. Bxf8 Kxf8 33. Qc5+ Qe7 34. Rd8
Qxc5 35. bxc5 Ba3 36. Rxe8+ Kxe8 37. Rb1 Nd7 38. Rxb7 Bxc5 39. Ne6 Bd6 40. a5
Ke7 41. Nf8 1-0

[Event "European Rapid 2016"]
[Site "Tallinn EST"]
[Date "2016.12.16"]
[Round "11.14"]
[White "Agrest, Evgenij"]
[Black "Bartel, Mateusz"]
[Result "0-1"]
[WhiteTitle "GM"]
[BlackTitle "GM"]
[WhiteElo "2593"]
[BlackElo "2641"]
[WhiteFideId "1705024"]
[BlackFideId "1112635"]
[EventDate "2016.12.15"]

1. d4 d5 2. Bf4 c6 3. e3 Nf6 4. c4 Qa5+ 5. Nc3 dxc4 6. Bxc4 Nd5 7. Qb3 e6 8. Bg3
Nd7 9. Ne2 Be7 10. O-O O-O 11. e4 b5 12. Bxd5 cxd5 13. exd5 b4 14. d6 Bd8 15.
Ne4 Bb7 16. Nd2 Bb6 17. Nc4 Qd5 18. Nf4 Qxd4 19. Rfd1 Qe4 20. Nxb6 axb6 21. f3
Qf5 22. Qxb4 Rfc8 23. Ne2 Ba6 24. Nd4 Qc5 25. Qxc5 bxc5 26. Nc2 f6 27. b3 Kf7
28. Ne3 Bb7 29. Rd2 Bc6 30. Rc1 Rcb8 31. Nc4 Ra6 32. Nb2 Rxa2 33. Nc4 Rxd2 34.
Nxd2 e5 35. f4 Ke6 36. fxe5 fxe5 37. Nc4 e4 38. Rc3 Ra8 39. Rc2 Bd5 40. Kf2 Rb8
41. Rc3 Rb4 42. Ke3 Nf6 43. h3 Bc6 44. Kf2 Nd5 45. Rc2 Rxb3 46. Re2 Nc3 47. Rc2
Nd1+ 48. Ke1 Rxg3 49. Kxd1 Ba4 0-1

[Event "European Rapid 2016"]
[Site "Tallinn EST"]
[Date "2016.12.16"]
[Round "11.15"]
[White "Stocek, Jiri"]
[Black "Huzman, Alexander"]
[Result "1/2-1/2"]
[WhiteTitle "GM"]
[BlackTitle "GM"]
[WhiteElo "2546"]
[BlackElo "2557"]
[WhiteFideId "304760"]
[BlackFideId "2803828"]
[EventDate "2016.12.15"]

1. d4 Nf6 2. Nf3 d5 3. c4 e6 4. Nc3 c6 5. g3 dxc4 6. Bg2 Nbd7 7. a4 Be7 8. O-O
O-O 9. a5 Nd5 10. Bd2 b5 11. axb6 N5xb6 12. Qc2 Bb7 13. Ne4 h6 14. Rfd1 Qc8 15.
Ne5 c5 16. Nxd7 Nxd7 17. dxc5 Nxc5 18. Bb4 Bxe4 19. Bxe4 Nxe4 20. Bxe7 Re8 21.
Qxe4 Rxe7 22. Ra4 Rc7 23. Rc1 Qb7 24. Rcxc4 Qxe4 1/2-1/2

[Event "European Rapid 2016"]
[Site "Tallinn EST"]
[Date "2016.12.16"]
[Round "11.17"]
[White "Navara, David"]
[Black "Martinovic, Sasa"]
[Result "1/2-1/2"]
[WhiteTitle "GM"]
[BlackTitle "GM"]
[WhiteElo "2725"]
[BlackElo "2550"]
[WhiteFideId "309095"]
[BlackFideId "14509792"]
[EventDate "2016.12.15"]

1. d4 c5 2. d5 d6 3. e4 Nf6 4. Nc3 g6 5. Bb5+ Bd7 6. a4 Bxb5 7. axb5 Bg7 8. Nf3
Nbd7 9. O-O O-O 10. h3 Ne8 11. Qe2 Nc7 12. Bf4 Nb6 13. Rfd1 Qd7 14. e5 f6 15.
exd6 exd6 16. Ra5 Rfe8 17. Qd3 f5 18. Rda1 a6 19. bxa6 Rxa6 20. Rxa6 Nxa6 21.
Qb5 Qxb5 22. Nxb5 Nxd5 23. Nxd6 Re7 24. Bg5 Rd7 25. Nc4 h6 26. Nfe5 Rc7 27. Bd2
Kh7 28. Rd1 Nab4 29. c3 Nc6 30. Nxc6 Rxc6 31. Bc1 Nf6 32. Bf4 b5 33. Nd6 b4 34.
Be5 Ne4 35. Bxg7 Rxd6 36. Rxd6 Nxd6 37. Bf8 bxc3 38. bxc3 Ne4 39. f3 Nxc3 40.
Bxc5 1/2-1/2

[Event "European Rapid 2016"]
[Site "Tallinn EST"]
[Date "2016.12.16"]
[Round "11.18"]
[White "Kveinys, Aloyzas"]
[Black "Vallejo Pons, Francisco"]
[Result "1/2-1/2"]
[WhiteTitle "GM"]
[BlackTitle "GM"]
[WhiteElo "2518"]
[BlackElo "2711"]
[WhiteFideId "12800040"]
[BlackFideId "2205530"]
[EventDate "2016.12.15"]

1. d4 e6 2. c4 f5 3. Nc3 Nf6 4. Bf4 Bb4 5. e3 Bxc3+ 6. bxc3 b6 7. Qf3 Nc6 8. d5
Na5 9. dxe6 Bb7 10. Qg3 O-O 11. Bxc7 Qe8 12. Nf3 Ne4 13. Qf4 dxe6 14. Be5 Rc8
15. Bd4 Ba6 16. h4 Bxc4 17. Bxc4 Nxc4 18. O-O h6 19. Rfd1 Nb2 20. Rf1 Nd3 21.
Qh2 Nxc3 22. Bxc3 Rxc3 23. Ne5 Qb8 24. Nxd3 Qxh2+ 25. Kxh2 Rxd3 26. a4 Kf7 27.
Rfb1 Rb8 28. Rb4 g5 29. Rc1 Rd7 30. hxg5 hxg5 31. g4 Rh8+ 32. Kg3 Rh4 33. Rbc4
Kf6 34. gxf5 Rxc4 35. Rxc4 exf5 36. Rc6+ Ke5 37. f4+ gxf4+ 38. exf4+ Kd4 39. Rf6
Rd5 40. Kh4 b5 41. axb5 Rxb5 42. Ra6 Rb6 43. Ra5 Ke4 44. Kg5 a6 1/2-1/2

[Event "European Rapid 2016"]
[Site "Tallinn EST"]
[Date "2016.12.16"]
[Round "11.19"]
[White "Fridman, Daniel"]
[Black "Zorko, Jure"]
[Result "1-0"]
[WhiteTitle "GM"]
[BlackTitle "IM"]
[WhiteElo "2596"]
[BlackElo "2454"]
[WhiteFideId "11600454"]
[BlackFideId "14604051"]
[EventDate "2016.12.15"]

1. Nf3 Nf6 2. c4 e6 3. g3 a6 4. Bg2 b5 5. d3 Bb7 6. O-O c5 7. e4 d6 8. Nbd2 Nc6
9. b3 Be7 10. Bb2 O-O 11. Qe2 Nd7 12. d4 cxd4 13. Nxd4 Qb6 14. N2f3 bxc4 15.
Qxc4 Nf6 16. Qe2 Rac8 17. Rad1 h6 18. Rfe1 Rfd8 19. Qe3 Ng4 20. Nxc6 Qxc6 21.
Qf4 Nf6 22. Nd4 Qb6 23. Qe3 Ng4 24. Qe2 Nf6 25. Rc1 d5 26. e5 Ne4 27. Red1 Bg5
28. f4 Be7 29. Bf3 Bb4 30. Qd3 Qa5 31. a3 Be7 32. b4 Qb6 33. Kg2 a5 34. b5 a4
35. Rxc8 Rxc8 36. Rc1 Rxc1 37. Bxc1 Qa5 38. Bb2 Qe1 39. Qe2 Qb1 40. Nc6 Bc5 41.
Nd4 Qa2 42. Bc1 Qa1 43. Bb2 Qa2 44. f5 Bxd4 45. Bxd4 Qxa3 46. fxe6 fxe6 47. Bg4
Bc8 48. Qc2 Bd7 49. b6 Qb4 50. Qb2 Qxb2+ 51. Bxb2 Nc5 52. Ba3 Nb7 53. Kf2 Kf7
54. Ke3 Bb5 55. Kd4 g6 56. Kc3 h5 57. Bd1 Bc6 58. Kb4 Bd7 59. Bc2 Bc6 60. h4 Bd7
61. Bd3 Be8 62. Kc3 Bd7 63. Kd4 Be8 64. Ke3 Na5 65. Bb4 Nb7 66. Kf4 Nd8 1-0

[Event "European Rapid 2016"]
[Site "Tallinn EST"]
[Date "2016.12.16"]
[Round "11.20"]
[White "Loginov, Valery A"]
[Black "Turov, Maxim"]
[Result "0-1"]
[WhiteTitle "GM"]
[BlackTitle "GM"]
[WhiteElo "2486"]
[BlackElo "2594"]
[WhiteFideId "4126297"]
[BlackFideId "4120086"]
[EventDate "2016.12.15"]

1. e4 c5 2. Nf3 a6 3. Nc3 b5 4. d4 e6 5. d5 Bb7 6. Bg5 Be7 7. Bxe7 Nxe7 8. Be2
b4 9. Na4 Qa5 10. b3 exd5 11. exd5 Bxd5 12. O-O O-O 13. Re1 Nbc6 14. Bd3 h6 15.
Nd2 d6 16. Qh5 Qc7 17. Re3 Ne5 18. Rae1 Be6 19. Be4 Bg4 20. Qh4 Nf5 21. Bxf5
Bxf5 22. c4 Rae8 23. f4 Ng6 24. Qh5 Rxe3 25. Rxe3 Ne7 26. g4 Bc2 27. f5 Nc6 28.
f6 Bg6 29. Qh4 Qd8 30. g5 hxg5 31. Qxg5 Re8 32. Rxe8+ Qxe8 33. Nb6 Qe1+ 34. Nf1
Nd4 35. Qe3 Qxe3+ 36. Nxe3 Bb1 37. Nc8 Bxa2 38. Nxd6 Bxb3 39. Nb7 gxf6 40. Kf2
Ne6 41. Na5 Ba2 42. Ke1 Bb1 43. Kd2 Be4 44. Nd1 Nd4 45. Nb2 Ne6 46. Na4 f5 47.
Nb3 Bc6 48. Naxc5 Nxc5 49. Nxc5 a5 50. Nb3 a4 51. Nd4 Be4 52. c5 a3 53. Kc1 f4
54. c6 Bxc6 55. Nxc6 f3 56. Ne7+ Kh7 57. Nf5 f2 58. Ne3 b3 59. Nf1 Kg6 60. Nd2
Kh5 0-1

[Event "European Rapid 2016"]
[Site "Tallinn EST"]
[Date "2016.12.16"]
[Round "11.21"]
[White "Rakhmanov, Aleksandr"]
[Black "Razin, Vadim"]
[Result "1/2-1/2"]
[WhiteTitle "GM"]
[WhiteElo "2667"]
[BlackElo "2366"]
[WhiteFideId "4173708"]
[BlackFideId "14119463"]
[EventDate "2016.12.15"]

1. c4 e6 2. e4 d5 3. exd5 exd5 4. d4 Nc6 5. Be3 Nf6 6. Nc3 Bb4 7. Bd3 O-O 8. Ne2
dxc4 9. Bxc4 Nd5 10. O-O Be6 11. Bb3 Qd7 12. Rc1 Rae8 13. Bd2 Nxc3 14. bxc3 Ba3
15. Ra1 Bf5 16. Bc1 Bxc1 17. Rxc1 Qd6 18. Ng3 Bd7 19. Qh5 g6 20. Qg5 Qe7 21. Qf4
Bc8 22. h4 Na5 23. Ba4 Bd7 24. Qxc7 Bxa4 25. Qxa5 Bc6 26. Qg5 f6 27. Qf4 b6 28.
c4 Bb7 29. d5 Rf7 30. Kh2 b5 31. d6 Qd7 32. cxb5 Qxb5 33. Rfe1 Rd8 34. f3 Qb6
35. Rcd1 Kg7 36. h5 Qb5 37. h6+ Kg8 38. Re7 Qc5 39. Rxf7 Kxf7 40. Rd2 Bd5 41.
Ne4 Bxe4 42. Qxe4 Qh5+ 43. Kg1 Qc5+ 44. Kf1 Qc1+ 45. Ke2 Re8 46. d7 Rxe4+ 47.
fxe4 Qc4+ 48. Ke3 Qc5+ 49. Rd4 Qc1+ 50. Kd3 Qb1+ 51. Kc3 Qa1+ 52. Kd3 Qd1+ 53.
Ke3 Qe1+ 54. Kd3 Qg3+ 55. Kc4 Qc7+ 56. Kd3 Qd8 57. Rd5 Ke7 58. a4 a5 59. g3 f5
60. exf5 gxf5 61. Rd4 Ke6 62. Ke2 Ke5 63. Rd3 f4 64. gxf4+ Kxf4 65. Kd1 Kf5 66.
Rd5+ Ke4 67. Rd2 Ke3 68. Kc2 Qc7+ 69. Kd1 Qd8 70. Kc2 Ke4 71. Rd1 Kf5 72. Kc3
Kg5 73. Kc4 Kxh6 74. Kb5 Kg5 75. Kc6 h5 76. Re1 Qf6+ 77. Kb7 Qd6 78. Kc8 Qc6+
79. Kd8 h4 80. Ke7 Qf6+ 81. Ke8 Qg6+ 82. Kf8 Qf6+ 83. Ke8 Qc6 84. Ke7 Qc5+ 85.
Ke8 Qc6 86. Ke7 Qf6+ 87. Ke8 Qg6+ 88. Kf8 Qf6+ 89. Ke8 Qc6 90. Ke7 Qc7 91. Ke8
Qc6 92. Ke7 Qc5+ 93. Ke8 Qc6 94. Ke7 Qf6+ 95. Ke8 Qc6 96. Ke7 Qc5+ 97. Ke8 Qc6
98. Ke7 1/2-1/2

[Event "European Rapid 2016"]
[Site "Tallinn EST"]
[Date "2016.12.16"]
[Round "11.22"]
[White "Jankovic, Alojzije"]
[Black "Grandelius, Nils"]
[Result "0-1"]
[WhiteTitle "GM"]
[BlackTitle "GM"]
[WhiteElo "2591"]
[BlackElo "2643"]
[WhiteFideId "14505959"]
[BlackFideId "1710400"]
[EventDate "2016.12.15"]

1. d4 Nf6 2. c4 e6 3. Nf3 d5 4. Nc3 dxc4 5. e3 a6 6. Bxc4 b5 7. Bb3 Bb7 8. O-O
Nbd7 9. e4 b4 10. e5 bxc3 11. exf6 cxb2 12. fxg7 Bxg7 13. Bxb2 O-O 14. Rc1 c5
15. Ba3 Bxf3 16. Qxf3 Bxd4 17. Rfd1 Qg5 18. Qc6 Rfd8 19. Qe4 Nf6 20. Qf3 Ng4 21.
Rc2 Rac8 22. Rdc1 Ne5 23. Qe4 c4 24. Bxc4 Rxc4 25. Rxc4 Nxc4 26. Rxc4 Qd2 27. h4
Qxf2+ 28. Kh2 Qg1+ 29. Kh3 Bf6 30. Bc5 Qh1+ 31. Kg3 Kh8 32. Bd4 Bxd4 33. Rxd4
Rg8+ 34. Kf2 Qh2 35. Rd3 Qc7 36. Kg1 Rb8 37. Re3 Rd8 38. Re1 Qc5+ 39. Kh1 Rd4
40. Qa8+ Kg7 41. Re4 Rd1+ 42. Kh2 Qg1+ 43. Kh3 Rd3+ 0-1

[Event "European Rapid 2016"]
[Site "Tallinn EST"]
[Date "2016.12.16"]
[Round "11.23"]
[White "Sychev, Klementy"]
[Black "Zvjaginsev, Vadim"]
[Result "0-1"]
[WhiteTitle "IM"]
[BlackTitle "GM"]
[WhiteElo "2453"]
[BlackElo "2679"]
[WhiteFideId "4114060"]
[BlackFideId "4113403"]
[EventDate "2016.12.15"]

1. d4 d5 2. c4 e6 3. Nf3 Nf6 4. Nc3 Nbd7 5. Bf4 dxc4 6. e3 Nb6 7. Bxc4 Nxc4 8.
Qa4+ c6 9. Qxc4 Nd5 10. Bg3 Qb6 11. Qe2 Nxc3 12. bxc3 Qb5 13. c4 Qa5+ 14. Kf1
Be7 15. h4 O-O 16. h5 f6 17. Kg1 b6 18. Rh4 Ba6 19. Rc1 Rae8 20. Qc2 c5 21. d5
e5 22. Rh3 Bc8 23. Rh1 Bd6 24. Nd2 f5 25. f3 Bd7 26. Qb2 Qa6 27. h6 Rf7 28. hxg7
Rxg7 29. Rh6 Rg6 30. Rxg6+ hxg6 31. f4 exf4 32. Bxf4 Bxf4 33. exf4 b5 34. cxb5
Qd6 35. Nf3 Qxf4 36. Rxc5 Re3 37. Qf6 Qg3 38. Qd8+ Be8 39. d6 Re2 40. Nh4 Re1# 0-1

[Event "European Rapid 2016"]
[Site "Tallinn EST"]
[Date "2016.12.16"]
[Round "11.24"]
[White "Andriasian, Zaven"]
[Black "Monroy, Charles"]
[Result "1/2-1/2"]
[WhiteTitle "GM"]
[BlackTitle "IM"]
[WhiteElo "2621"]
[BlackElo "2416"]
[WhiteFideId "13302000"]
[BlackFideId "621641"]
[EventDate "2016.12.15"]

1. e4 c5 2. Nf3 e6 3. g3 Nc6 4. Bg2 Nf6 5. Qe2 d6 6. O-O Be7 7. c3 e5 8. Na3 O-O
9. d3 Re8 10. Nc4 Bf8 11. a4 h6 12. Bd2 Be6 13. Rfe1 Rb8 14. h3 Qc7 15. Ne3 Na5
16. Nh2 Nb3 17. Ra3 Nxd2 18. Qxd2 Qd7 19. h4 d5 20. exd5 Nxd5 21. Nc4 f6 22. Qc2
Rbd8 23. Raa1 Nb6 24. Nxb6 axb6 25. Rad1 b5 26. axb5 Qxb5 27. c4 Qb4 28. Nf1 Ra8
29. Ne3 Ra2 30. Re2 Rd8 31. Bd5 Bxd5 32. Nxd5 Qa5 33. Ree1 Qa4 34. Qe2 Qb3 35.
Rd2 Rxd5 36. cxd5 Qxd5 37. Qe4 Qxe4 38. Rxe4 b5 39. h5 Kf7 40. Kg2 Ke6 41. Rc2
Bd6 42. Kf3 Kf5 43. Re1 Kg5 44. Rh1 f5 45. Ke3 Bf8 46. f4+ Kf6 47. Rf1 Bd6 48.
fxe5+ Kxe5 49. Rcf2 Ke6 50. Kf3 Ra4 51. Re2+ Kf6 52. Rfe1 Rd4 53. Re3 Kg5 54.
Rh1 f4 55. gxf4+ Bxf4 56. Rg1+ Kf5 57. Rxg7 Bxe3 58. Kxe3 Rb4 59. Rg6 Rxb2 60.
Rxh6 c4 61. dxc4 bxc4 62. Rc6 Rh2 63. Rc5+ Kg4 64. Rc8 Rxh5 65. Rxc4+ Kg3 66.
Kd3 1/2-1/2

[Event "European Rapid 2016"]
[Site "Tallinn EST"]
[Date "2016.12.16"]
[Round "11.25"]
[White "Pavlidis, Antonios"]
[Black "Luch, Michal"]
[Result "0-1"]
[WhiteTitle "GM"]
[BlackTitle "IM"]
[WhiteElo "2532"]
[BlackElo "2433"]
[WhiteFideId "4212312"]
[BlackFideId "1120042"]
[EventDate "2016.12.15"]

1. e4 Nf6 2. e5 Nd5 3. d4 d6 4. c4 Nb6 5. exd6 cxd6 6. Nc3 g6 7. Be3 Bg7 8. Rc1
O-O 9. b3 Bf5 10. d5 e5 11. dxe6 Bxe6 12. Nge2 d5 13. c5 Nc8 14. Nd4 Nc6 15. Be2
N8e7 16. O-O Bxd4 17. Bxd4 Nf5 18. Nb5 a6 19. Nd6 Nfxd4 20. Nxb7 Qc7 21. Nd6 Qa5
22. Bd3 Qxa2 23. Rb1 Rfb8 24. h4 Nxb3 25. h5 Nxc5 26. hxg6 hxg6 27. Bxg6 fxg6
28. Rc1 Rd8 29. Rxc5 Rxd6 30. Qc1 Qa4 31. Qh6 Qg4 32. Rfc1 Rc8 33. R5c3 Ne7 0-1